Gastrite chronique et sécrétion gastrique
Elmentve itt :
| Szerző: | |
|---|---|
| Dokumentumtípus: | Cikk |
| Megjelent: |
1969
|
| Sorozat: | Kolligátum
|
| Kulcsszavak: | Gyomorszekréció, Gyomorbetegségek, Belgyógyászat |
| Online Access: | http://misc.bibl.u-szeged.hu/27213 |
| LEADER | 00577nab a2200169 i 4500 | ||
|---|---|---|---|
| 001 | misc27213 | ||
| 005 | 20191111110331.0 | ||
| 008 | 171003s1969 hu o 0|| zxx d | ||
| 040 | |a SZTE Miscellanea Repozitórium |b hun | ||
| 041 | |a zxx | ||
| 100 | 1 | |a Varró Vince | |
| 245 | 1 | 0 | |a Gastrite chronique et sécrétion gastrique |h [elektronikus dokumentum] / |c Varró Vince |
| 260 | |c 1969 | ||
| 300 | |a 1881-1892 | ||
| 490 | 0 | |a Kolligátum | |
| 695 | |a Gyomorszekréció, Gyomorbetegségek, Belgyógyászat | ||
| 856 | 4 | 0 | |u http://misc.bibl.u-szeged.hu/27213/1/020_002_1881-1892.pdf |z Dokumentum-elérés |